[Event "OBEM 2015"]
[Site "Germany , Bremen"]
[Date "2015.03.30"]
[Round "4.45"]
[White "Maul, Maik"]
[Black "Laubrock, Sophia"]
[Result "1-0"]
[WhiteElo "1000"]
[BlackElo "1492"]
[PlyCount "85"]

1. d4 Nf6 2. Bf4 e6 3. Bg5 Be7 4. Nc3 d5 5. e3 O-O 6. Nf3 Nbd7 7. Bb5 c5 8.
Bxd7 Bxd7 9. Bxf6 Bxf6 10. dxc5 Bxc3+ 11. bxc3 Qa5 12. Qd3 Qxc5 13. Ng5 g6 14.
h4 Rac8 15. h5 Qxc3+ 16. Qxc3 Rxc3 17. hxg6 hxg6 18. Kd2 Rfc8 19. Rhc1 Ba4 20.
e4 Rxc2+ 21. Rxc2 Rxc2+ 22. Ke3 d4+ 23. Kxd4 Rxf2 24. Rb1 Bc6 25. Rg1 Rxa2 26.
Rf1 Rxg2 27. Nxf7 g5 28. Ke5 Kg7 29. Nd8 g4 30. Nxe6+ Kg6 31. Nf4+ Kg5 32. Nxg2
g3 33. Rf5+ Kg4 34. Ne3+ Kh4 35. Kf4 b5 36. Rf6 Be8 37. Rh6+ Bh5 38. Nf5+ Kh3
39. Rxh5+ Kg2 40. Ne3+ Kf2 41. Rxb5 g2 42. Nxg2 Kxg2 43. Ra5 1-0

[Event "OBEM 2015"]
[Site "Germany , Bremen"]
[Date "2015.03.30"]
[Round "4.17"]
[White "Beinke, Lukas"]
[Black "Buhrdorf, Axel"]
[Result "1-0"]
[WhiteElo "1958"]
[BlackElo "1813"]
[PlyCount "33"]

1. e4 e6 2. d4 d5 3. Nd2 dxe4 4. Nxe4 Nd7 5. Nf3 Ngf6 6. Ng3 Be7 7. Be2 b6 8.
O-O Bb7 9. c4 O-O 10. Bf4 c5 11. Rc1 cxd4 12. Qxd4 Nc5 13. Rfd1 Qxd4 14. Nxd4
Rfd8 15. Nb5 Ne8 16. b3 Nd6 17. Bxd6 1-0

[Event "OBEM 2015"]
[Site "Germany , Bremen"]
[Date "2015.03.30"]
[Round "4.19"]
[White "Peters, Frank"]
[Black "Heldt, Nils-Lennart"]
[Result "1/2-1/2"]
[WhiteElo "2109"]
[BlackElo "1708"]
[PlyCount "26"]

1. c4 c6 2. d4 d5 3. e3 Nf6 4. Nf3 Bf5 5. cxd5 cxd5 6. Qb3 Qc7 7. Nc3 e6 8. Bd2
a6 9. Rc1 Nc6 10. Qa4 Be7 11. Be2 O-O 12. O-O Rfc8 13. a3 Qd8 1/2-1/2

[Event "OBEM 2015"]
[Site "Germany , Bremen"]
[Date "2015.03.30"]
[Round "4.15"]
[White "Meyer, Thorsten"]
[Black "Dehning-Busse, Karsten"]
[Result "1/2-1/2"]
[WhiteElo "2004"]
[BlackElo "1796"]
[PlyCount "42"]

1. e4 d6 2. d4 Nf6 3. Nc3 g6 4. f3 Bg7 5. Be3 c6 6. Qd2 Qa5 7. Nge2 b5 8. g3 b4
9. Nd1 Ba6 10. Bg2 Nbd7 11. O-O O-O 12. Re1 Rac8 13. Bh6 c5 14. Bxg7 Kxg7 15.
Nf2 Qb6 16. c3 Bxe2 17. Rxe2 bxc3 18. bxc3 cxd4 19. cxd4 e5 20. Rd1 Rc4 21.
dxe5 dxe5 1/2-1/2

[Event "OBEM 2015"]
[Site "Germany , Bremen"]
[Date "2015.03.30"]
[Round "4.12"]
[White "Webner, Dennis"]
[Black "Wuttke, Manfred"]
[Result "1-0"]
[WhiteElo "2073"]
[BlackElo "1802"]
[PlyCount "47"]

1. d4 Nf6 2. Bg5 e6 3. e4 Be7 4. Nc3 d5 5. e5 Ne4 6. Bxe7 Qxe7 7. Nxe4 dxe4 8.
c3 b6 9. Qg4 O-O 10. Qxe4 c6 11. Nf3 Bb7 12. Bd3 g6 13. O-O c5 14. Qe3 cxd4 15.
cxd4 Nc6 16. Be4 Rac8 17. Rac1 Rc7 18. a3 Rfc8 19. Rc3 Qd8 20. h4 h5 21. Rfc1
Ne7 22. Bxb7 Rxb7 23. Rxc8 Nxc8 24. Qh6 1-0

[Event "OBEM 2015"]
[Site "Germany , Bremen"]
[Date "2015.03.30"]
[Round "4.11"]
[White "Gebur, Thomas"]
[Black "Pautz, Peter"]
[Result "1-0"]
[WhiteElo "1870"]
[BlackElo "2082"]
[PlyCount "39"]

1. e4 e6 2. d4 d5 3. exd5 exd5 4. Bd3 Nf6 5. Nf3 Bg4 6. O-O Nc6 7. c3 Qd6 8.
Re1+ Be7 9. Nbd2 O-O-O 10. b4 Rde8 11. Qa4 Kb8 12. Ne5 Nd8 13. Nb3 Bd7 14. b5
Ne4 15. Bxe4 dxe4 16. Nc5 Bf5 17. Bf4 Ka8 18. Nc6 bxc6 19. Bxd6 cxd6 20. b6 1-0

[Event "OBEM 2015"]
[Site "Germany , Bremen"]
[Date "2015.03.30"]
[Round "4.7"]
[White "Rieping, Heiner"]
[Black "Stieglitz, Dirk"]
[Result "1/2-1/2"]
[WhiteElo "1878"]
[BlackElo "2055"]
[PlyCount "46"]

1. e4 Nf6 2. e5 Nd5 3. d4 d6 4. exd6 exd6 5. Bc4 Nb6 6. Bb3 d5 7. Bf4 Be7 8.
Nf3 Bf5 9. Nbd2 N8d7 10. O-O O-O 11. c3 c5 12. Rc1 Bg6 13. Bc2 c4 14. Re1 Nf6
15. Ne5 Nh5 16. Nxg6 hxg6 17. Be5 Bg5 18. Rb1 Nf4 19. Nf3 Bh6 20. Bxf4 Bxf4 21.
Ne5 Re8 22. Qg4 Qg5 23. Qxg5 Bxg5 1/2-1/2

[Event "OBEM 2015"]
[Site "Germany , Bremen"]
[Date "2015.03.30"]
[Round "4.18"]
[White "Laubrock, Paul"]
[Black "Wessels, Stefan"]
[Result "1/2-1/2"]
[WhiteElo "1793"]
[BlackElo "1938"]
[PlyCount "46"]

1. d4 Nf6 2. Nc3 d5 3. Bg5 Bf5 4. Bxf6 exf6 5. e3 c6 6. Bd3 Qd7 7. Nge2 Bd6 8.
e4 dxe4 9. Nxe4 Bxe4 10. Bxe4 O-O 11. Qd3 g6 12. O-O-O Na6 13. d5 Nc5 14. Qd4
Nxe4 15. Qxe4 cxd5 16. Rxd5 Qc6 17. Qd3 Be7 18. Rd1 Rac8 19. Nc3 f5 20. f4 Rfd8
21. Qb5 Rxd5 22. Rxd5 Rc7 23. Qxc6 bxc6 1/2-1/2

[Event "OBEM 2015"]
[Site "Germany , Bremen"]
[Date "2015.03.30"]
[Round "4.36"]
[White "Rose, Helmut"]
[Black "Ungar, Benedict"]
[Result "0-1"]
[WhiteElo "1400"]
[BlackElo "1749"]
[PlyCount "70"]

1. e4 Nf6 2. f4 e5 3. Nf3 Bc5 4. c3 d6 5. Bc4 Nc6 6. d3 Ng4 7. d4 exd4 8. cxd4
Bb4+ 9. Nc3 O-O 10. O-O a6 11. Bb3 Kh8 12. Bc2 f5 13. e5 dxe5 14. fxe5 Nxd4 15.
Nxd4 Bc5 16. Nce2 Nxe5 17. Kh1 Qh4 18. Rf4 Ng4 19. Qg1 g5 20. Rf3 Rd8 21. h3
Ne5 22. Rf1 Bxd4 23. Nxd4 Qxd4 24. Qxd4 Rxd4 25. Bxf5 Bxf5 26. Rxf5 Rd1+ 27.
Kh2 Nd3 28. Rd5 Rxc1 29. Rxc1 Nxc1 30. a3 b6 31. Rxg5 Nd3 32. b3 Rd8 33. Rg3 c5
34. Re3 Rd6 35. Re1 Nxe1 0-1

[Event "OBEM 2015"]
[Site "Germany , Bremen"]
[Date "2015.03.30"]
[Round "4.37"]
[White "Brüggemann, Werner"]
[Black "Balazs, Kata"]
[Result "0-1"]
[WhiteElo "1219"]
[BlackElo "1747"]
[PlyCount "78"]

1. f4 d5 2. Nf3 Nf6 3. e3 Bg4 4. Bb5+ c6 5. Be2 Nbd7 6. d4 e6 7. Nbd2 c5 8. c4
cxd4 9. Nxd4 Bxe2 10. Qxe2 Bc5 11. cxd5 Nxd5 12. N2f3 Qc7 13. O-O O-O 14. Bd2
Qb6 15. Rab1 Nxf4 16. exf4 Bxd4+ 17. Kh1 Bf6 18. Be3 Qa5 19. b3 Rac8 20. Rfd1
Nb6 21. b4 Qa4 22. Bxb6 axb6 23. Rb3 Rc7 24. b5 Rfc8 25. g3 Rc2 26. Rd2 Qxa2
27. Rbd3 Rxd2 28. Rxd2 Rc1+ 29. Kg2 Qb3 30. Ne5 g6 31. Nd7 Bc3 32. Ra2 Qd5+ 33.
Kh3 Qxd7 34. g4 Qd1 35. Qg2 Qd3+ 36. Kh4 Be1+ 37. Kg5 Rc5+ 38. Kh6 Qd8 39. f5
Qh4# 0-1

[Event "OBEM 2015"]
[Site "Germany , Bremen"]
[Date "2015.03.30"]
[Round "4.3"]
[White "Meyer, Irmin"]
[Black "Kuegel, Tobias"]
[Result "0-1"]
[WhiteElo "1997"]
[BlackElo "2189"]
[PlyCount "54"]

1. e4 e5 2. Nf3 Nc6 3. Bb5 a6 4. Ba4 Nf6 5. d4 exd4 6. O-O Be7 7. Re1 b5 8. Bb3
d6 9. Bd5 Nxd5 10. exd5 Ne5 11. Nxd4 O-O 12. Nc3 Bb7 13. f4 Nc4 14. Qf3 Re8 15.
Rd1 Bf6 16. a3 Bxd4+ 17. Rxd4 Re1+ 18. Kf2 Qh4+ 19. Qg3 Qxg3+ 20. hxg3 Rae8 21.
g4 Ne3 22. Rd2 Nxg4+ 23. Kf3 Nh2+ 24. Kf2 Ng4+ 25. Kf3 R8e3+ 26. Kxg4 f5+ 27.
Kg5 Rg3+ 0-1

[Event "OBEM 2015"]
[Site "Germany , Bremen"]
[Date "2015.03.30"]
[Round "4.4"]
[White "Margraf, Daniel"]
[Black "Mueller, Wolfgang"]
[Result "1-0"]
[WhiteElo "2291"]
[BlackElo "2025"]
[PlyCount "125"]

1. d4 d5 2. Nf3 Nf6 3. c4 e6 4. Nc3 c6 5. g3 Nbd7 6. Bg2 Be7 7. O-O O-O 8. Qc2
b6 9. Bf4 Bb7 10. cxd5 exd5 11. Rad1 Nh5 12. Bc1 Nhf6 13. Nh4 Re8 14. Nf5 Nf8
15. Nxe7+ Qxe7 16. a3 Ne6 17. b4 a5 18. Qb3 axb4 19. axb4 b5 20. Rfe1 h6 21. e4
Nc7 22. e5 Nd7 23. f4 Nb6 24. f5 Ra1 25. f6 gxf6 26. Bxh6 Rxd1 27. Qxd1 Bc8 28.
Qf3 Qe6 29. Bf4 Nc4 30. Rf1 fxe5 31. dxe5 Qg6 32. Ne2 Bg4 33. Qf2 Nxe5 34. Bxe5
Rxe5 35. Nf4 Qd6 36. h3 Bd7 37. g4 Rg5 38. Nh5 f5 39. Qd4 Ne6 40. Qf6 Qf8 41.
Rxf5 Rxf5 42. gxf5 Ng7 43. Qg6 Qf7 44. Nf6+ Kf8 45. Qxf7+ Kxf7 46. Nxd7 Nxf5
47. Ne5+ Ke6 48. Nxc6 Kd6 49. Na7 Nd4 50. h4 Ke5 51. h5 Ne2+ 52. Kf2 Nf4 53. h6
Kf6 54. Kg3 Ne2+ 55. Kh4 Nc3 56. Kh5 d4 57. Bf1 Nd5 58. Nxb5 d3 59. Nd6 Nf4+
60. Kg4 Ke5 61. h7 Ng6 62. Bxd3 Nh8 63. Kg5 1-0

[Event "OBEM 2015"]
[Site "Germany , Bremen"]
[Date "2015.03.30"]
[Round "4.27"]
[White "Lange, Martin"]
[Black "Ficken, Hartmut"]
[Result "1/2-1/2"]
[WhiteElo "1869"]
[BlackElo "1698"]
[PlyCount "155"]

1. e4 c5 2. g3 b6 3. Bg2 Bb7 4. b3 e5 5. c3 Nf6 6. Qc2 d5 7. d3 Be7 8. Ne2 O-O
9. O-O Nbd7 10. Nd2 Qc7 11. Ba3 Rfe8 12. Rac1 dxe4 13. dxe4 Rad8 14. Rcd1 Nf8
15. Nc4 Ba6 16. Ne3 g6 17. c4 Ne6 18. Bb2 Bb7 19. Rxd8 Rxd8 20. Nd5 Bxd5 21.
cxd5 Ng7 22. Nc1 Nd7 23. Qc4 Ne8 24. Qc3 Bf6 25. Nd3 Bg7 26. Bh3 f6 27. Nb4
cxb4 28. Qxb4 Qc5 29. Qa4 b5 30. Qa5 Qb6 31. Qd2 Nc5 32. Qe3 Nd6 33. Bg2 Ncxe4
34. Qxb6 axb6 35. Rc1 Nc5 36. Ba3 Rc8 37. Bf1 Bh6 38. Rc2 f5 39. Bb2 Bg7 40.
Bc1 Kf7 41. Be3 Ke7 42. b4 Nd7 43. Rxc8 Nxc8 44. Bxb5 Kd6 45. Ba6 Kc7 46. Bc4
Nf6 47. a4 Ne7 48. d6+ Kxd6 49. Bxb6 Ned5 50. Bc5+ Kc7 51. Kg2 Nb6 52. Bb3 Nfd7
53. a5 Nc8 54. Be3 Bf8 55. b5 Bc5 56. b6+ Kb8 57. Bd2 Nf6 58. f3 Ne7 59. Bc3
Bd4 60. Bd2 Ned5 61. Ba4 Bc3 62. Bxc3 Nxc3 63. Bc6 Ncd5 64. Kf2 Nb4 65. Bb5 Kb7
66. h4 Nc6 67. a6+ Kxb6 68. Bd3 Nb8 69. Bb1 Kxa6 70. h5 Nxh5 71. g4 fxg4 72.
fxg4 Nf6 73. Kf3 Nd5 74. Ke4 Nf6+ 75. Kxe5 Nxg4+ 76. Kf4 Nh6 77. Bxg6 hxg6 78.
Kg5 1/2-1/2

[Event "OBEM 2015"]
[Site "Germany , Bremen"]
[Date "2015.03.30"]
[Round "4.20"]
[White "Ernst, Herwarth"]
[Black "Lai Hop, Long"]
[Result "0-1"]
[WhiteElo "1950"]
[BlackElo "1796"]
[PlyCount "114"]

1. e4 c5 2. Nf3 d6 3. d4 cxd4 4. Nxd4 Nf6 5. Nc3 a6 6. Bg5 e6 7. f4 Be7 8. Qf3
Qc7 9. O-O-O Nbd7 10. g4 b5 11. Bxf6 Nxf6 12. g5 Nd7 13. f5 Ne5 14. Qh5 b4 15.
Nce2 g6 16. Qh6 Bf8 17. Qh3 exf5 18. exf5 Bg7 19. Qb3 gxf5 20. Bh3 Qc4 21. Qxc4
Nxc4 22. b3 Ne3 23. Rd3 Ng4 24. Re1 O-O 25. Bg2 Ra7 26. Nc6 Rb7 27. h3 Nf2 28.
Rxd6 Ne4 29. Bxe4 fxe4 30. Red1 Bxh3 31. Ng3 Bg2 32. Re1 Bc3 33. Re3 Re8 34.
Nf5 Bg7 35. Nxg7 Kxg7 36. Rd4 Bf3 37. Nxb4 a5 38. Nc6 Rb5 39. Ra4 Rxg5 40. Rxa5
Rxa5 41. Nxa5 f5 42. Nc4 f4 43. Re1 e3 44. Nd6 Re5 45. a4 e2 46. Nc4 Re6 47.
Rg1+ Kf6 48. Kd2 Bd5 49. Ke1 Bxc4 50. bxc4 Kf5 51. Kf2 f3 52. c5 Kf4 53. Rh1
Re7 54. a5 h5 55. a6 Rg7 56. a7 Rg2+ 57. Ke1 Ke3 0-1

[Event "OBEM 2015"]
[Site "Germany , Bremen"]
[Date "2015.03.30"]
[Round "4.2"]
[White "Steingraeber, Kai Uwe"]
[Black "Balazs, Balint"]
[Result "0-1"]
[WhiteElo "2203"]
[BlackElo "1940"]
[PlyCount "126"]

1. d4 f5 2. g3 d6 3. Bg2 Nf6 4. Nf3 g6 5. O-O Bg7 6. c3 O-O 7. Qb3+ Kh8 8. Ng5
d5 9. Nh3 c6 10. Nd2 Ne4 11. Nf3 Qe8 12. Nf4 e6 13. Nd3 Nd7 14. Bf4 Qe7 15. Qc2
c5 16. Nde5 g5 17. Nxd7 Bxd7 18. Be5 Rac8 19. e3 Bb5 20. Rfe1 g4 21. Bxg7+ Qxg7
22. Ne5 Ng5 23. Qb3 Bc6 24. Qa3 b6 25. Rac1 Be8 26. Nd3 c4 27. Nf4 h5 28. b3 h4
29. gxh4 Nh3+ 30. Bxh3 gxh3+ 31. Kf1 Bb5 32. b4 Qg4 33. Qxa7 e5 34. dxe5 d4 35.
Qxb6 Bc6 36. Qxd4 Rcd8 37. Qb6 Bg2+ 38. Kg1 Be4+ 39. Kf1 Bd3+ 40. Nxd3 Qg2+ 41.
Ke2 cxd3+ 42. Kd1 Qf3+ 43. Kd2 Qxf2+ 44. Kd1 Qf3+ 45. Kd2 Qg2+ 46. Kd1 d2 47.
Qh6+ Kg8 48. Qg5+ Qxg5 49. hxg5 dxe1=Q+ 50. Kxe1 Kf7 51. c4 Rg8 52. c5 Rxg5 53.
Ke2 Rg2+ 54. Kf3 Rdd2 55. Rf1 Rxh2 56. c6 Rhg2 57. e4 h2 58. c7 Rg1 59. c8=Q
h1=Q+ 60. Ke3 Qxe4+ 61. Kxd2 Rg2+ 62. Kc1 Qe3+ 63. Kb1 Qd3+ 0-1

[Event "OBEM 2015"]
[Site "Germany , Bremen"]
[Date "2015.03.30"]
[Round "4.5"]
[White "Haerig, Wilfried"]
[Black "Issing, Peter"]
[Result "0-1"]
[WhiteElo "2045"]
[BlackElo "2208"]
[PlyCount "92"]

1. e4 c5 2. Nf3 e6 3. d4 cxd4 4. Nxd4 Nc6 5. Be3 Nf6 6. Nc3 Bb4 7. f3 d5 8. Bg5
h6 9. Nxc6 bxc6 10. Bd2 O-O 11. a3 Bc5 12. Na4 Be7 13. e5 Nd7 14. f4 f6 15. Qg4
f5 16. Qf3 Nb6 17. Ba5 Qc7 18. Be2 c5 19. O-O-O Bd7 20. Nc3 Qb7 21. Rhg1 Rab8
22. b3 Bc6 23. g4 d4 24. Qg3 g5 25. gxf5 Rxf5 26. Bxb6 axb6 27. Bc4 Bd7 28. Qh3
Kg7 29. Nb1 b5 30. Be2 Rxf4 31. Qg3 Rbf8 32. Bd3 Qf3 33. Qe1 Qf2 34. Qa5 Qe3+
35. Nd2 Qxe5 36. Rge1 Qb8 37. Be4 Bd6 38. Qa6 Rf2 39. Bc6 Bc8 40. Qxb5 Qxb5 41.
Bxb5 Rxh2 42. Ne4 Be7 43. c3 dxc3 44. Bd7 c2 45. Rd3 c4 46. bxc4 Rd8 0-1

[Event "OBEM 2015"]
[Site "Germany , Bremen"]
[Date "2015.03.30"]
[Round "4.9"]
[White "Dietrich, Igor"]
[Black "Bertram, Karsten"]
[Result "0-1"]
[WhiteElo "1880"]
[BlackElo "2133"]
[PlyCount "100"]

1. e4 d5 2. exd5 Qxd5 3. Nc3 Qa5 4. d4 Nf6 5. Nf3 Bg4 6. h3 Bh5 7. g4 Bg6 8.
Ne5 c6 9. Bc4 e6 10. Bd2 Qb6 11. Nxg6 hxg6 12. Ne2 Nxg4 13. Bc3 Qc7 14. Qd3 Nf6
15. O-O-O Nd5 16. Bd2 Nd7 17. Bg5 Bd6 18. Bxd5 cxd5 19. h4 Nf6 20. Nc3 a6 21.
Qf3 Nh5 22. Rhe1 O-O 23. Qg4 b5 24. Rf1 Rac8 25. Qe2 Qa5 26. Rd3 b4 27. Nb1
Bf4+ 28. Nd2 Qxa2 29. Bxf4 Nxf4 30. Qf3 Nxd3+ 31. Qxd3 Rc7 32. Nb3 Rfc8 33. Nc5
Qc4 34. Qd1 Rxc5 35. dxc5 Rxc5 36. Rh1 Ra5 37. Kd2 Qd4+ 38. Ke2 Qe4+ 39. Kd2 d4
40. Rh3 Qf4+ 41. Ke1 Rf5 42. f3 Qe3+ 43. Kf1 e5 44. Kg2 g5 45. hxg5 Rxg5+ 46.
Rg3 Rxg3+ 47. Kxg3 e4 48. Kg2 Qxf3+ 49. Qxf3 exf3+ 50. Kxf3 b3 0-1

[Event "OBEM 2015"]
[Site "Germany , Bremen"]
[Date "2015.03.30"]
[Round "4.33"]
[White "Bruening, Martin"]
[Black "Stern, Philipp"]
[Result "1-0"]
[WhiteElo "1778"]
[BlackElo "1620"]
[PlyCount "99"]

1. d4 d5 2. c4 c6 3. cxd5 cxd5 4. Nc3 Nf6 5. Nf3 Nc6 6. Bf4 a6 7. e3 Bg4 8. Be2
e6 9. h3 Bxf3 10. Bxf3 Bd6 11. Bxd6 Qxd6 12. a3 O-O 13. O-O b5 14. b4 Rfd8 15.
Qd3 e5 16. dxe5 Nxe5 17. Qe2 Rac8 18. Rfc1 Rc4 19. Na2 Rdc8 20. Rxc4 dxc4 21.
Rd1 Nxf3+ 22. Qxf3 Qe5 23. Rd4 c3 24. Qb7 Qe6 25. Nc1 h6 26. Kf1 Kh7 27. Ke2
Rc4 28. Rxc4 Qxc4+ 29. Ke1 c2 30. Qb6 Ne4 31. Qd4 Qc3+ 32. Qxc3 Nxc3 33. Kd2
Nb1+ 34. Kxc2 Nxa3+ 35. Kc3 Kg6 36. Nb3 Nc4 37. Nc5 a5 38. bxa5 Nxa5 39. Kb4
Nc6+ 40. Kxb5 Ne5 41. f4 Kf5 42. fxe5 Kxe5 43. Kc4 Kf5 44. Kd3 Kf6 45. Kd4 Kg5
46. Ke5 g6 47. g3 h5 48. Ne6+ Kh6 49. Kf6 h4 50. gxh4 1-0

[Event "OBEM 2015"]
[Site "Germany , Bremen"]
[Date "2015.03.30"]
[Round "4.13"]
[White "Bokelmann, Joachim"]
[Black "Klemm, Robert"]
[Result "1/2-1/2"]
[WhiteElo "2022"]
[BlackElo "1860"]
[PlyCount "80"]

1. d4 d6 2. c3 c6 3. Bf4 g6 4. Nf3 Bg7 5. h3 Nf6 6. e3 Nbd7 7. Bc4 O-O 8. O-O
Qa5 9. b4 Qc7 10. Bh2 e5 11. Nbd2 b5 12. Bb3 a5 13. a3 Kh8 14. Qc2 h6 15. Rfc1
Nh7 16. Nh4 a4 17. Ba2 d5 18. Bb1 Qd6 19. Nhf3 f5 20. dxe5 Nxe5 21. Nxe5 Bxe5
22. Bxe5+ Qxe5 23. Nf3 Qf6 24. Qd3 g5 25. Qd4 g4 26. hxg4 fxg4 27. Qxf6+ Rxf6
28. Nd4 Ng5 29. Ra2 Bd7 30. Ne2 h5 31. Nf4 Rh6 32. g3 Kg7 33. Kg2 h4 34. gxh4
Rxh4 35. Bd3 Rah8 36. Raa1 Nf3 37. Rh1 Rh2+ 38. Rxh2 Rxh2+ 39. Kg3 Rh6 40. Be2
Ne5 1/2-1/2

[Event "OBEM 2015"]
[Site "Germany , Bremen"]
[Date "2015.03.30"]
[Round "4.1"]
[White "Jugelt, Tobias"]
[Black "Lai Hop, Duong"]
[Result "1-0"]
[WhiteElo "2416"]
[BlackElo "2142"]
[PlyCount "75"]

1. d4 d5 2. c4 c6 3. Nf3 Nf6 4. e3 Bg4 5. h3 Bxf3 6. Qxf3 e6 7. a3 a5 8. Nc3
Nbd7 9. Bd3 Bd6 10. O-O Qe7 11. e4 dxe4 12. Bxe4 O-O 13. Bc2 Bc7 14. Re1 Qd6
15. Be3 Rfe8 16. Rad1 Nf8 17. g3 Ng6 18. h4 Nf8 19. h5 Bd8 20. h6 g6 21. Bf4
Qd7 22. Be5 Qe7 23. Kg2 N8d7 24. Bf4 Qf8 25. g4 Nb6 26. Bb3 Be7 27. g5 Nfd7 28.
Ne4 Rec8 29. Qg3 Qd8 30. Nd6 Bxd6 31. Bxd6 Ra6 32. Rd3 Na8 33. Rf3 b5 34. cxb5
cxb5 35. Rxf7 Rxd6 36. Rg7+ Kh8 37. Qxd6 Qxg5+ 38. Qg3 1-0

[Event "OBEM 2015"]
[Site "Germany , Bremen"]
[Date "2015.03.30"]
[Round "4.39"]
[White "Hoose, Hannelore"]
[Black "Proske, Matthias"]
[Result "1/2-1/2"]
[WhiteElo "1709"]
[BlackElo "1407"]
[PlyCount "112"]

1. e4 c5 2. d3 Nc6 3. g3 d5 4. exd5 Qxd5 5. Qf3 Nf6 6. Nc3 Qe5+ 7. Qe3 a6 8.
Qxe5 Nxe5 9. Bf4 Ng6 10. Bd2 e5 11. Bg2 Rb8 12. Nge2 Be6 13. b3 b5 14. O-O Be7
15. Bc6+ Bd7 16. Bg2 O-O 17. f4 Bd6 18. fxe5 Bxe5 19. Rad1 h5 20. Ne4 Nxe4 21.
Bxe4 Bg4 22. Rde1 Bh3 23. Rf2 f5 24. Bf3 h4 25. Bg5 hxg3 26. hxg3 Nh8 27. Bf4
Rbe8 28. Rh2 Bd4+ 29. Kh1 Bg4 30. Kg2 Bxf3+ 31. Kxf3 Ng6 32. Reh1 Nxf4 33. Nxd4
Nxd3 34. cxd3 cxd4 35. Rh8+ Kf7 36. Rxf8+ Rxf8 37. Re1 Kf6 38. g4 g6 39. gxf5
gxf5 40. Rh1 Rg8 41. Rc1 Re8 42. Kf4 Re6 43. Rc5 Re3 44. Rxf5+ Ke6 45. Rh5 Rxd3
46. Ke4 Rd1 47. Rh6+ Kd7 48. Rxa6 d3 49. Ke3 Kc7 50. b4 Kb7 51. Ra3 Rb1 52. Rb3
Rxb3 53. axb3 Kc6 54. Kxd3 Kd5 55. Ke3 Ke5 56. Kd3 Kd5 1/2-1/2

[Event "OBEM 2015"]
[Site "Germany , Bremen"]
[Date "2015.03.30"]
[Round "4.28"]
[White "Bonacic, Jascha"]
[Black "Bilau, Max"]
[Result "1-0"]
[WhiteElo "1861"]
[BlackElo "1536"]
[PlyCount "61"]

1. e4 e6 2. d4 c5 3. Nf3 cxd4 4. Nxd4 Nc6 5. Nc3 a6 6. Be2 Bb4 7. O-O Bxc3 8.
bxc3 Nge7 9. f4 O-O 10. Bd3 f5 11. exf5 exf5 12. Ba3 d6 13. Bc4+ Kh8 14. Nxc6
Nxc6 15. Qxd6 Qxd6 16. Bxd6 Re8 17. Rfe1 Bd7 18. Bf7 Rxe1+ 19. Rxe1 h6 20. Rd1
Kh7 21. c4 Be8 22. Be6 Bg6 23. Rd5 Rd8 24. Ba3 Re8 25. Rd6 Rd8 26. c5 Kh8 27.
Bb2 h5 28. Bc3 Re8 29. Kf2 Bh7 30. Bd5 Rc8 31. Rd7 1-0

[Event "OBEM 2015"]
[Site "Germany , Bremen"]
[Date "2015.03.30"]
[Round "4.25"]
[White "Ditmas, Hugh"]
[Black "Traetmar, Mattis"]
[Result "1/2-1/2"]
[WhiteElo "1893"]
[BlackElo "1689"]
[PlyCount "51"]

1. d4 Nf6 2. c4 g6 3. Nc3 d5 4. cxd5 Nxd5 5. e4 Nxc3 6. bxc3 Bg7 7. Nf3 c5 8.
Rb1 O-O 9. Be2 Nc6 10. d5 Bxc3+ 11. Bd2 Bxd2+ 12. Qxd2 Nb8 13. h4 Bg4 14. h5
Bxf3 15. gxf3 Qd6 16. Qh6 Nd7 17. hxg6 Qxg6 18. Qh2 Kh8 19. Kd2 Qg7 20. f4 Qd4+
21. Kc2 Qa4+ 22. Rb3 Qxa2+ 23. Rb2 Qa4+ 24. Rb3 Qa2+ 25. Rb2 Qa4+ 26. Rb3
1/2-1/2

[Event "OBEM 2015"]
[Site "Germany , Bremen"]
[Date "2015.03.30"]
[Round "4.8"]
[White "Hundack, Rolf"]
[Black "Boehning, Kilian"]
[Result "1-0"]
[WhiteElo "2246"]
[BlackElo "1914"]
[PlyCount "69"]

1. d4 d5 2. Nf3 Nf6 3. Bf4 e6 4. e3 Be7 5. Bd3 Nbd7 6. Nbd2 O-O 7. h3 c5 8. c3
h6 9. g4 Ne8 10. Rg1 g5 11. Bh2 c4 12. Bc2 f5 13. gxf5 exf5 14. Nh4 Ng7 15. Ng6
Re8 16. Qe2 Qb6 17. Nxe7+ Rxe7 18. O-O-O Qe6 19. Nf3 b5 20. Ne5 Nf6 21. f3 Bd7
22. h4 g4 23. fxg4 fxg4 24. Bf4 h5 25. Rdf1 Ne4 26. Bxe4 dxe4 27. Bg5 Ree8 28.
Rf6 Qd5 29. Rgf1 Rf8 30. Ng6 Rfe8 31. Nf4 Qb7 32. Bh6 Nf5 33. Nxh5 Nxh4 34. Qh2
Nf3 35. Qf4 1-0

[Event "OBEM 2015"]
[Site "Germany , Bremen"]
[Date "2015.03.30"]
[Round "4.35"]
[White "Volk, Robin"]
[Black "Goes, Carsten"]
[Result "1/2-1/2"]
[WhiteElo "1285"]
[BlackElo "1761"]
[PlyCount "56"]

1. d4 e6 2. Nc3 f5 3. Nf3 d5 4. Bf4 Nf6 5. e3 c6 6. Bd3 Be7 7. O-O O-O 8. Ne2
Ne4 9. c4 Nd7 10. cxd5 exd5 11. Ne5 Nxe5 12. Bxe5 Bd6 13. Bf4 Be6 14. f3 Nf6
15. Qc2 Nh5 16. Bxd6 Qxd6 17. e4 fxe4 18. fxe4 dxe4 19. Bxe4 Nf6 20. Bd3 g6 21.
Qc5 Qxc5 22. dxc5 Rad8 23. Nf4 Bf7 24. b3 Nd5 25. Nxd5 Bxd5 26. Rad1 Rxf1+ 27.
Bxf1 Kf7 28. g3 Rd7 1/2-1/2

[Event "OBEM 2015"]
[Site "Germany , Bremen"]
[Date "2015.03.30"]
[Round "4.29"]
[White "Hoffer, Hayo"]
[Black "Petrov, Iouri"]
[Result "1/2-1/2"]
[WhiteElo "1857"]
[BlackElo "1585"]
[PlyCount "61"]

1. d4 Nf6 2. Nf3 d5 3. Bf4 Bf5 4. e3 e6 5. Bd3 Bxd3 6. cxd3 Bd6 7. Bg3 Nbd7 8.
Nbd2 O-O 9. Rc1 Rc8 10. Ne5 Be7 11. O-O c5 12. Ndf3 Qb6 13. Bh4 Rfe8 14. Nxd7
Nxd7 15. Bxe7 Rxe7 16. dxc5 Rxc5 17. d4 Rc6 18. Rxc6 bxc6 19. Qc2 c5 20. dxc5
Qxc5 21. Qxc5 Nxc5 22. Rc1 Rc7 23. b4 Na6 24. Rxc7 Nxc7 25. a4 Kf8 26. Nd4 Ke8
27. Kf1 Kd7 28. Ke2 g6 29. Kd3 e5 30. Nb3 Kc6 31. Kc3 1/2-1/2

[Event "OBEM 2015"]
[Site "Germany , Bremen"]
[Date "2015.03.30"]
[Round "4.26"]
[White "Buchloh, Adrian"]
[Black "Sausmikat, Armin"]
[Result "0-1"]
[WhiteElo "1611"]
[BlackElo "1893"]
[PlyCount "94"]

1. e4 e5 2. Bc4 Nf6 3. d3 Bc5 4. Nc3 Nc6 5. Bg5 h6 6. Bxf6 Qxf6 7. Nf3 d6 8.
O-O Bg4 9. Nd5 Qd8 10. Ne3 Bh5 11. c3 O-O 12. Qe2 a6 13. Nf5 Qf6 14. Rad1 Kh7
15. Ne3 Bxf3 16. gxf3 Ne7 17. Kh1 c6 18. Rg1 Ng6 19. Ng2 Rad8 20. d4 Ba7 21.
Bb3 d5 22. Rgf1 Rd6 23. a3 Rfd8 24. Rd2 Qe6 25. c4 dxc4 26. Bxc4 Qh3 27. Bxf7
Rf8 28. Bxg6+ Rxg6 29. Rg1 Rxf3 30. Qf1 Qh5 31. Ne1 Rh3 32. Rg2 Rf6 33. Qg1 g5
34. Rg3 Bxd4 35. Rc2 Rf4 36. Rxh3 Qxh3 37. Qg2 Qh5 38. Qg3 Qf7 39. f3 Qb3 40.
Qh3 Qf7 41. Qg2 g4 42. h3 gxf3 43. Qf1 Qg6 44. Kh2 f2 45. Ng2 Rf3 46. Nh4 Qg3+
47. Kh1 Qg1+ 0-1

[Event "OBEM 2015"]
[Site "Germany , Bremen"]
[Date "2015.03.30"]
[Round "4.34"]
[White "Rademacher, Uwe"]
[Black "Fasmers, Ralf"]
[Result "1-0"]
[WhiteElo "1773"]
[BlackElo "1787"]
[PlyCount "109"]

1. e4 e5 2. Nf3 Nc6 3. d4 exd4 4. Nxd4 Nxd4 5. Qxd4 d6 6. Bc4 Qf6 7. Be3 Be6 8.
Bb5+ c6 9. Bd3 Be7 10. Qb4 b6 11. Nc3 d5 12. Qa4 b5 13. Qa6 Bc8 14. Qa5 d4 15.
Bxd4 Qxd4 16. O-O-O Qxf2 17. Qc7 Bd7 18. e5 Bg5+ 19. Kb1 Ne7 20. Ne4 Qh4 21.
Nd6+ Kf8 22. Qxd7 Kg8 23. g3 Qh6 24. h4 Qe6 25. Qxe6 fxe6 26. hxg5 g6 27. g4
Kg7 28. Ne4 Nd5 29. Nf6 Ne3 30. Rde1 Ng2 31. Re4 Rad8 32. Rh2 c5 33. Rxg2 c4
34. Be2 Rd2 35. Kc1 Rhd8 36. Bf3 c3 37. bxc3 Rxg2 38. Bxg2 Rc8 39. Kb2 a5 40.
Rd4 b4 41. Rd7+ Kf8 42. Nxh7+ Ke8 43. Nf6+ Kf8 44. cxb4 axb4 45. Be4 Rxc2+ 46.
Kxc2 b3+ 47. Kb2 bxa2 48. Rd8+ Ke7 49. Ra8 a1=Q+ 50. Rxa1 Kf7 51. Ra7+ Kf8 52.
Nh7+ Kg8 53. Bxg6 Kh8 54. Nf8 Kg8 55. Nxe6 1-0

[Event "OBEM 2015"]
[Site "Germany , Bremen"]
[Date "2015.03.30"]
[Round "4.43"]
[White "Buchloh, Falk"]
[Black "Weinitschke, Harald"]
[Result "1/2-1/2"]
[WhiteElo "1497"]
[BlackElo "1341"]
[PlyCount "117"]

1. d4 d5 2. c4 e6 3. Nc3 Nf6 4. Bg5 Be7 5. e3 O-O 6. Bd3 a6 7. Qc2 Nbd7 8. Nf3
h6 9. Bh4 dxc4 10. Bxc4 b5 11. Bd3 Bb7 12. e4 c5 13. O-O Rc8 14. Qe2 cxd4 15.
Nxd4 Ne5 16. Rfd1 Qxd4 17. Bxb5 Qb6 18. Ba4 Rfd8 19. Kh1 Nc4 20. Bb3 Nd6 21. e5
Nd5 22. Bxe7 Nxe7 23. exd6 Rxd6 24. Rxd6 Qxd6 25. Rd1 Qc6 26. f3 Nf5 27. Bc2
Nh4 28. Qd2 Kf8 29. Qf4 Nxf3 30. Be4 Qc7 31. Qxc7 Rxc7 32. Bxf3 Bxf3 33. gxf3
Ke7 34. Kg2 f5 35. Kf2 g5 36. h3 Rc4 37. Rd2 h5 38. Ne2 g4 39. hxg4 fxg4 40.
fxg4 Rxg4 41. Rd4 Rg6 42. Rh4 Rf6+ 43. Ke3 Rf5 44. Nf4 Ra5 45. a3 Re5+ 46. Kf3
Rb5 47. Rh2 Kf6 48. Nxh5+ Kg5 49. Ng3 Rb3+ 50. Kg2 Rxb2+ 51. Kh3 Rb3 52. a4 Kf4
53. Rg2 Ra3 54. Kh2 Rxa4 55. Ne2+ Kf3 56. Ng1+ Kf4 57. Nh3+ Kf5 58. Rf2+ Kg4
59. Rg2+ 1/2-1/2